Cuentos de la Alhambra / Washington Irving
Literatura de viajes, se desarrolla en España y trata sobre el propio autor de la obra, Irving Washington, quien narra sus primeras experiencias en tierras andaluzas, donde descubrirá temas extravagantes sobre su pasado como su origen árabe, además, conocerá cuentos y leyendas sobre el complejo monu...
Gespeichert in:
| 1. Verfasser: | |
|---|---|
| Format: | Buch |
| Sprache: | Undetermined |
| Veröffentlicht: |
Valencia, España
Prometeo
[s.f.]
|
| Schlagworte: | |
| Tags: |
Tag hinzufügen
Keine Tags, Fügen Sie den ersten Tag hinzu!
|
MARC
| LEADER | 00000nam a2200000Ia 4500 | ||
|---|---|---|---|
| 008 | 170316s9999 xx 000 0 und d | ||
| 040 | |a cru BVZT | ||
| 090 | |a 810 I-2cu | ||
| 100 | |a Irving, Washington | ||
| 245 | |a Cuentos de la Alhambra / Washington Irving | ||
| 260 | |a Valencia, España | ||
| 260 | |b Prometeo | ||
| 260 | |c [s.f.] | ||
| 300 | |a 235 páginas | ||
| 520 | |a Literatura de viajes, se desarrolla en España y trata sobre el propio autor de la obra, Irving Washington, quien narra sus primeras experiencias en tierras andaluzas, donde descubrirá temas extravagantes sobre su pasado como su origen árabe, además, conocerá cuentos y leyendas sobre el complejo monumental Alhambra que lo dejarán impactado de por vida. La obra escrita en 1832, se convirtió en un éxito literario que dio a conocer la cultura española y árabe. | ||
| 650 | |a LITERATURA ESTADOUNIDENSE |9 25 | ||
| 650 | |a BIOGRAFÍA - WASHINGTON IRVING | ||
| 650 | |a EN IDIOMA ESPAÑOL | ||
| 999 | |c 21175 |d 21175 | ||
| 942 | |c 15 D |h 810 I-2cu |2 z | ||
